Central Library OPAC University of Rajshahi

The government of the Soviet Union / (Record no. 26158)

MARC details
000 -LEADER
fixed length control field 00974nam a2200277 a 4500
001 - CONTROL NUMBER
control field 26158
003 - CONTROL NUMBER IDENTIFIER
rucl marc code BD-RjUL
005 - DATE AND TIME OF LATEST TRANSACTION
control field 20211209050958.0
008 - FIXED-LENGTH DATA ELEMENTS--GENERAL INFORMATION
fixed length control field 140320r19521949nyub b 001 0 eng d
035 ## - SYSTEM CONTROL NUMBER
System control number (BD-RjUL)26228
040 ## - CATALOGING SOURCE
Original cataloging agency AUC
Language of cataloging eng
Transcribing agency AUC
Modifying agency XNTU
-- BD-RjUL
041 ## - LANGUAGE CODE
Language code of text/sound track or separate title eng
082 04 - DEWEY DECIMAL CLASSIFICATION NUMBER
Classification number 320.947
Edition number 20
Author mark and year HAG 1952
100 1# - MAIN ENTRY--PERSONAL NAME
Personal name Harper, Samuel N.
Fuller form of name (Samuel Northrup),
Dates associated with a name 1882-1943.
9 (RLIN) 80389
245 14 - TITLE STATEMENT
Title The government of the Soviet Union /
Statement of responsibility, etc. by Samuel N. Harper and Ronald Thompson.
250 ## - EDITION STATEMENT
Edition statement 2nd ed.
260 ## - PUBLICATION, DISTRIBUTION, ETC. (IMPRINT)
Place of publication, distribution, etc. New York :
Name of publisher, distributor, etc. Van Nostrand Co. ;
Date of publication, distribution, etc. 1949 [reprinted 1952].
300 ## - PHYSICAL DESCRIPTION
Pagination xiv, 369 p. :
Illustrations maps;
Size 22 cm.
490 0# - SERIES STATEMENT
Series statement The Governments of Europe
504 ## - BIBLIOGRAPHY, ETC. NOTE
Bibliography, etc Includes bibliographical references and index.
651 #0 - SUBJECT ADDED ENTRY--GEOGRAPHIC NAME
Geographic name Soviet Union
General subdivision Politics and government
Chronological subdivision 1917-
9 (RLIN) 80390
700 1# - ADDED ENTRY--PERSONAL NAME
Personal name Thompson, Ronald
Fuller form of name (Ronald Bettes),
Dates associated with a name 1913-
710 1# - ADDED ENTRY--CORPORATE NAME
Corporate name or jurisdiction name as entry element Russia (1923- U.S.S.R.)
Form subheading Constitution.
9 (RLIN) 80392
942 ## - ADDED ENTRY ELEMENTS (KOHA)
Source of classification or shelving scheme Dewey Decimal Classification
Koha item type Books
Holdings
Lost status Source of classification or shelving scheme Damaged status Not for loan Collection code Permanent Location Current Location Shelving location Date acquired Source of acquisition Cost, normal purchase price Total Checkouts Full call number Date last seen Copy number Koha item type
  Dewey Decimal Classification   Added to bundle Non-fiction Central Library, University of Rajshahi Central Library, University of Rajshahi Reading Room 16/11/1956 A. B. C. 22.80   320.947 HAG 1952 20/03/2014 C-1 Books